[Event "Mississauga Goldon Horseshoe op U2000"]
[Site "Mississauga"]
[Date "2018.06.03"]
[Round "5.8"]
[White "Liao, Joseph"]
[Black "Wang, Eric1111"]
[Result "1/2-1/2"]
[WhiteElo "1801"]
[BlackElo "1684"]
[PlyCount "54"]
[EventDate "2018.06.02"]
[EventType "swiss"]
[EventRounds "5"]
[EventCountry "CAN"]
[SourceTitle "EXT 2022"]
[Source "ChessBase"]
[SourceDate "2021.10.06"]
[SourceVersion "1"]
[SourceVersionDate "2021.10.06"]
[SourceQuality "1"]

1. e4 e5 2. Nf3 Nc6 3. Bc4 Bc5 4. b4 Bxb4 5. c3 Ba5 6. d4 exd4 7. 0-0 Nf6 8. e5 d5 9. exf6 dxc4 10. Re1+ Be6 11. fxg7 Rg8 12. Bg5 Qd5 13. Bf6 Qf5 14. Bxd4 0-0-0 15. Nbd2 Nxd4 16. Nxd4 Qg6 17. Qf3 Bxc3 18. Nxe6 Bxa1 19. Nxd8 Rxd8 20. Rxa1 Rxd2 21. Qh3+ Kb8 22. Re1 Rd8 23. Qd7 Qd6 24. Qxf7 Qd1 25. Kf1 Qg4 26. Qf8 Qc8 27. Qf6 Rg8 1/2-1/2

[Event "Mississauga Goldon Horseshoe op U2000"]
[Site "Mississauga"]
[Date "2018.06.02"]
[Round "2.9"]
[White "Liao, Joseph"]
[Black "Joseph Benher, Savio"]
[Result "1/2-1/2"]
[WhiteElo "1801"]
[BlackElo "1722"]
[PlyCount "75"]
[EventDate "2018.06.02"]
[EventType "swiss"]
[EventRounds "5"]
[EventCountry "CAN"]
[SourceTitle "EXT 2022"]
[Source "ChessBase"]
[SourceDate "2021.10.06"]
[SourceVersion "1"]
[SourceVersionDate "2021.10.06"]
[SourceQuality "1"]

1. e4 c5 2. d4 cxd4 3. c3 d3 4. Bxd3 d6 5. c4 Nf6 6. Nc3 g6 7. Nf3 Bg7 8. h3 0-0 9. 0-0 Nc6 10. Bg5 Nd7 11. Qd2 Nde5 12. Nxe5 Nxe5 13. Be2 Be6 14. Nd5 Bxd5 15. exd5 Rc8 16. Rac1 Re8 17. b3 a5 18. f4 Nd7 19. f5 Ne5 20. fxg6 hxg6 21. Kh1 b6 22. Rce1 Qd7 23. Bh6 Rb8 24. Rf2 Ra8 25. Ref1 a4 26. Bxg7 Kxg7 27. Qd4 f6 28. b4 Qc7 29. Rc1 Reb8 30. Bf1 Rc8 31. Rfc2 Qa7 32. a3 Rc7 33. Be2 Rb8 34. Rc3 Rbc8 35. Bg4 Rb8 36. Bd1 Rbc8 37. c5 bxc5 38. bxc5 1/2-1/2

[Event "CAN-ch U20"]
[Site "Mississauga"]
[Date "2017.08.11"]
[Round "4"]
[White "Liao, Joseph"]
[Black "Surya, Benito"]
[Result "0-1"]
[WhiteElo "1548"]
[BlackElo "1830"]
[PlyCount "86"]
[EventDate "2017.08.09"]
[EventType "swiss"]
[EventRounds "9"]
[EventCountry "CAN"]
[SourceTitle "CBM 180 Extra"]
[Source "ChessBase"]
[SourceDate "2017.10.06"]
[SourceVersion "1"]
[SourceVersionDate "2017.10.06"]
[SourceQuality "1"]

1. e4 d5 2. exd5 Qxd5 3. Nc3 Qa5 4. d4 Nf6 5. Nf3 Bg4 6. h3 Bh5 7. g4 Bg6 8. Ne5 e6 9. Bg2 c6 10. h4 Nbd7 11. Nxd7 Kxd7 12. Bd2 h6 13. Nd5 Qd8 14. Nxf6+ Qxf6 15. Be3 Bd6 16. Qd2 Qe7 17. 0-0-0 h5 18. g5 Bf5 19. Bf3 g6 20. Qe2 Rhd8 21. Rhe1 Ke8 22. Bd2 Kf8 23. Bc3 Bb4 24. Qd2 Bxc3 25. Qxc3 Kg8 26. Qb3 Qc7 27. Qc3 Rd7 28. Kb1 Rad8 29. Qe3 Qb6 30. Kc1 Rxd4 31. Rxd4 Qxd4 32. Qxd4 Rxd4 33. Rd1 Rxh4 34. Rd8+ Kg7 35. Rd7 Rf4 36. Bd1 h4 37. Rd2 Bg4 38. f3 Bxf3 39. Bxf3 Rxf3 40. Rh2 Rf4 41. Kd2 f6 42. gxf6+ Kxf6 43. Ke3 g5 0-1

[Event "CAN-ch U20"]
[Site "Mississauga"]
[Date "2017.08.10"]
[Round "2"]
[White "Liao, Joseph"]
[Black "Xu, Daniel"]
[Result "1/2-1/2"]
[WhiteElo "1548"]
[BlackElo "1621"]
[PlyCount "97"]
[EventDate "2017.08.09"]
[EventType "swiss"]
[EventRounds "9"]
[EventCountry "CAN"]
[SourceTitle "CBM 180 Extra"]
[Source "ChessBase"]
[SourceDate "2017.10.06"]
[SourceVersion "1"]
[SourceVersionDate "2017.10.06"]
[SourceQuality "1"]

1. e4 e5 2. Nf3 Nc6 3. Bc4 Bc5 4. 0-0 Nf6 5. d4 Bxd4 6. Nxd4 Nxd4 7. f4 d6 8. fxe5 dxe5 9. Bg5 b5 10. Bxf6 gxf6 11. c3 bxc4 12. cxd4 Qxd4+ 13. Qxd4 exd4 14. Na3 Be6 15. Rac1 0-0-0 16. Nxc4 d3 17. Nd2 Kb7 18. Rxf6 Rhg8 19. Kf2 Rg5 20. b3 Ra5 21. a4 Rh5 22. h3 Rg5 23. Rh6 Rg7 24. Rc3 Rd6 25. g4 Kc8 26. Ke3 Rb6 27. Rxd3 c5 28. Rh5 Rc6 29. Rc3 f6 30. Rhxc5 Rxc5 31. Rxc5+ Rc7 32. Rxc7+ Kxc7 33. Kf4 Kc6 34. e5 fxe5+ 35. Kxe5 Bf7 36. Kf6 Bg6 37. h4 Kc5 38. h5 Bc2 39. g5 Kb4 40. g6 hxg6 41. hxg6 Bxg6 42. Kxg6 Kc3 43. Kf5 Kxd2 44. Ke5 Kc3 45. a5 Kxb3 46. Kd4 Kb4 47. a6 Kb5 48. Kc3 Kxa6 49. Kb2 1/2-1/2

[Event "CAN-ch U14"]
[Site "Sault Ste Marie"]
[Date "2017.07.10"]
[Round "7.29"]
[White "Liao, Joseph"]
[Black "Zhang, Kevin3333"]
[Result "1-0"]
[WhiteElo "1674"]
[BlackElo "1205"]
[PlyCount "98"]
[EventDate "2017.07.06"]
[EventType "swiss"]
[EventRounds "7"]
[EventCountry "CAN"]
[SourceTitle "EXT 2022"]
[Source "ChessBase"]
[SourceDate "2021.10.06"]
[SourceVersion "1"]
[SourceVersionDate "2021.10.06"]
[SourceQuality "1"]

1. e4 e5 2. Nf3 Nc6 3. Bc4 Nf6 4. d4 exd4 5. 0-0 Bc5 6. e5 d5 7. exf6 dxc4 8. Re1+ Be6 9. Ng5 Qxf6 10. Nxe6 fxe6 11. Qh5+ g6 12. Qxc5 0-0-0 13. Bg5 Qf7 14. Bxd8 Rxd8 15. Qxc4 Kb8 16. Qxe6 Qf4 17. Na3 a6 18. Rad1 Rf8 19. Qe2 h5 20. Qd2 Qf7 21. b3 h4 22. Qe2 g5 23. Rf1 Re8 24. Qf3 Qe7 25. Nc4 Qe6 26. Nb2 Ne5 27. Qe4 Qf6 28. Nc4 Re7 29. Nxe5 Rxe5 30. Qxd4 Qf5 31. Rde1 Rc5 32. Re8+ Ka7 33. b4 Qxc2 34. Qxc5+ Qxc5 35. bxc5 g4 36. Rg8 g3 37. fxg3 hxg3 38. Rff8 gxh2+ 39. Kxh2 b5 40. Ra8+ Kb7 41. Rgb8+ Kc6 42. Rxa6+ Kxc5 43. g4 Kc4 44. Rc6+ Kd5 45. Rxc7 Ke6 46. Rxb5 Kf6 47. Rc6+ Ke7 48. Rb7+ Kd8 49. Rh6 Ke8 1-0

[Event "CAN-ch U14"]
[Site "Sault Ste Marie"]
[Date "2017.07.07"]
[Round "4.36"]
[White "Liao, Joseph"]
[Black "Feng, Richard"]
[Result "0-1"]
[WhiteElo "1674"]
[BlackElo "1866"]
[PlyCount "124"]
[EventDate "2017.07.06"]
[EventType "swiss"]
[EventRounds "7"]
[EventCountry "CAN"]
[SourceTitle "EXT 2022"]
[Source "ChessBase"]
[SourceDate "2021.10.06"]
[SourceVersion "1"]
[SourceVersionDate "2021.10.06"]
[SourceQuality "1"]

1. e4 c5 2. d4 cxd4 3. c3 d3 4. Bxd3 g6 5. Nf3 Bg7 6. 0-0 Nc6 7. c4 d6 8. h3 Nf6 9. Nc3 0-0 10. Be3 Nd7 11. Qd2 Nc5 12. Rad1 Bh8 13. Bc2 Be6 14. Qe2 Qa5 15. Nd4 Bxd4 16. Bxd4 Qb4 17. Bxc5 dxc5 18. Nd5 Bxd5 19. exd5 Nd4 20. Qd3 Qxb2 21. Bb3 Rfd8 22. Rfe1 Rd7 23. Qe3 Qa3 24. Qc3 a5 25. Qc1 Qb4 26. Qd2 Qxd2 27. Rxd2 Kf8 28. Ba4 Rc7 29. Rb1 Nf5 30. Rdb2 Nd6 31. Bb5 a4 32. a3 Kg7 33. Kf1 Ne4 34. f3 Nd6 35. Kf2 Nf5 36. g4 Nd4 37. h4 h6 38. Kg3 Kf6 39. Kf4 Kg7 40. Kg3 Kf6 41. Kf4 e5+ 42. Ke4 Ke7 43. Rf1 Kd6 44. f4 exf4 45. Rxf4 f5+ 46. gxf5 gxf5+ 47. Kd3 Re7 48. Rg2 Re1 49. Kd2 Rh1 50. Rg6+ Ke5 51. Rf2 Rxh4 52. Rb6 Nxb5 53. cxb5 Rb8 54. Re2+ Kxd5 55. Re7 Rh2+ 56. Kd1 Rb2 57. Rbxb7 Rxb7 58. Rxb7 c4 59. Rh7 Rxb5 60. Rxh6 Rb3 61. Rh5 Ke4 62. Rh4+ f4 0-1

[Event "CAN-ch U12"]
[Site "Windsor"]
[Date "2015.07.08"]
[Round "5.65"]
[White "Liao, Joseph"]
[Black "Bhaskar, Anitej"]
[Result "0-1"]
[WhiteElo "1292"]
[BlackElo "736"]
[PlyCount "162"]
[EventDate "2015.07.06"]
[EventType "swiss"]
[EventRounds "7"]
[EventCountry "CAN"]
[SourceTitle "EXT 2022"]
[Source "ChessBase"]
[SourceDate "2021.10.06"]
[SourceVersion "1"]
[SourceVersionDate "2021.10.06"]
[SourceQuality "1"]

1. e4 e5 2. Nf3 Nc6 3. Bc4 Bc5 4. c3 Nf6 5. d4 exd4 6. cxd4 Bb4+ 7. Nc3 Nxe4 8. 0-0 Nxc3 9. bxc3 Bxc3 10. Qb3 d5 11. Qxc3 dxc4 12. Re1+ Ne7 13. Ba3 Be6 14. Bxe7 Kxe7 15. Qxc4 Kf8 16. Qc5+ Kg8 17. Ng5 Qd5 18. Nxe6 fxe6 19. Qxd5 exd5 20. Re7 h6 21. Rxc7 b6 22. Rd7 Kh7 23. Rxd5 Rhd8 24. Rxd8 Rxd8 25. Rd1 Kg6 26. Kf1 Kf5 27. f3 b5 28. Ke2 b4 29. Ke3 a5 30. g4+ Ke6 31. Ke4 Re8 32. Kd3 Kd5 33. Rc1 a4 34. Rc4 Rb8 35. Rc2 a3 36. f4 b3 37. Rc5+ Kd6 38. axb3 a2 39. Ra5 Rxb3+ 40. Kc2 Rh3 41. Ra6+ Kd5 42. Ra5+ Ke4 43. Ra4 Kf3 44. Ra3+ Kxg4 45. Ra4 Rxh2+ 46. Kd3 g5 47. fxg5 Kxg5 48. Ra5+ Kf4 49. Ra4 Kf5 50. Ra5+ Ke6 51. Ke4 h5 52. Kf3 h4 53. Kg4 Kd6 54. Ra3 Kc6 55. Ra8 Kb5 56. Rb8+ Ka4 57. Ra8+ Kb4 58. Rb8+ Ka5 59. Ra8+ Kb6 60. Ra3 Kb5 61. Ra8 Kb4 62. Rb8+ Ka3 63. Ra8+ Kb2 64. Rb8+ Kc2 65. Rc8+ Kb1 66. Rb8+ Rb2 67. Re8 a1Q 68. Re1+ Ka2 69. Rxa1+ Kxa1 70. Kxh4 Rg2 71. Kh3 Rg8 72. Kh4 Kb2 73. Kh5 Kc3 74. Kh6 Kxd4 75. Kh7 Rg1 76. Kh6 Ke4 77. Kh5 Kf4 78. Kh6 Kf5 79. Kh7 Kf6 80. Kh8 Kf7 81. Kh7 Rh1# 0-1